Statistics for Most expensive football transfers - Croatian players

Click here to take the quiz!

General Stats

  • This quiz has been taken 33 times
  • The average score is 8 of 10

Answer Stats

Fee (M €)SeasonLeftJoinedPlayer% Correct
90,002023-2024RB LeipzigManchester CityJosko Gvardiol
100%
36,802021-2022Dinamo ZagrebRB LeipzigJosko Gvardiol
100%
35,002012-2013TottenhamReal MadridLuka Modric
97%
45,002019-2020Real MadridChelseaMateo Kovacic
90%
38,002015-2016InterReal MadridMateo Kovacic
90%
29,102023-2024ChelseaManchester CityMateo Kovacic
90%
25,302014-2015SouthamptonLiverpoolDejan Lovren
83%
25,002023-2024Stade RennaisVfL WolfsburgLovro Majer
66%
30,002021-2022CSKA MoscowWest HamNikola Vlašić
66%
29,402016-2017Dinamo ZagrebJuventusMarko Pjaca
59%

Score Distribution

Percentile by Number Answered

Percent of People with Each Score

Your Score History

You have not taken this quiz